[Event "RLP-ch MTB 26th"]
[Site "Ludwigshafen"]
[Date "2007.07.20"]
[Round "6"]
[White "Hegermann, Frank"]
[Black "Wortmann, Jonas"]
[Result "1-0"]
[WhiteElo "2132"]
[BlackElo "2050"]
[PlyCount "119"]
[EventDate "2007.07.13"]
[EventType "swiss"]
[EventRounds "7"]
[EventCountry "GER"]
[SourceTitle "EXT 2009"]
[Source "ChessBase"]
[SourceDate "2008.11.26"]
[SourceVersion "1"]
[SourceVersionDate "2008.11.26"]
[SourceQuality "1"]

1. d4 d5 2. Nf3 e6 3. e3 c5 4. b3 Nc6 5. Bb2 Nf6 6. Bd3 Bd6 7. 0-0 cxd4 8. exd4 Nb4 9. Be2 Qc7 10. c4 0-0 11. Nc3 a6 12. a3 Nc6 13. c5 Bf4 14. g3 Bh6 15. b4 Rd8 16. Na4 Nd7 17. Qb3 g6 18. Bc1 Bxc1 19. Raxc1 Rb8 20. Rfd1 Kg7 21. Nb2 e5 22. Qxd5 Nf6 23. Qc4 Be6 24. Qc3 exd4 25. Nxd4 Nxd4 26. Rxd4 Rxd4 27. Qxd4 Rd8 28. Qc3 Qc6 29. Bf3 Bd5 30. Bxd5 Rxd5 31. Rd1 Rxd1+ 32. Nxd1 Kg8 33. Qd3 Qe6 34. Ne3 Qe5 35. Nc4 Qe1+ 36. Kg2 h5 37. Qd8+ Kg7 38. Qd4 Qe7 39. Qe5 Qd7 40. Nd6 Qc6+ 41. f3 Qa4 42. Qb2 Qc6 43. Ne4 Qe6 44. h4 Qc6 45. a4 Qxa4 46. Nxf6 Kf8 47. Ne4 Qc6 48. Qh8+ Ke7 49. Qe5+ Kd7 50. Nd6 Kc7 51. Nxf7+ Kd7 52. Nd6 Kc7 53. Qe7+ Qd7 54. Qxd7+ Kxd7 55. Nxb7 Kc6 56. Na5+ Kb5 57. c6 Kxb4 58. c7 Kxa5 59. c8Q Kb4 60. Qxa6 1-0

[Event "GER-ch Lands U20"]
[Site "Kassel"]
[Date "2003.10.21"]
[Round "4.6"]
[White "Wortmann, Jonas"]
[Black "Seeger, Franziska"]
[Result "0-1"]
[WhiteElo "1734"]
[BlackElo "2064"]
[PlyCount "78"]
[EventDate "2003.10.19"]
[EventType "team"]
[EventRounds "7"]
[EventCountry "GER"]
[SourceTitle "EXT 2004"]
[Source "ChessBase"]
[SourceDate "2003.11.25"]
[SourceVersion "1"]
[SourceVersionDate "2003.11.25"]
[SourceQuality "1"]

1. e4 e5 2. Nf3 Nc6 3. Bc4 Nf6 4. Ng5 d5 5. exd5 Na5 6. Bb5+ c6 7. dxc6 bxc6 8. Be2 h6 9. Nf3 e4 10. Ne5 Bd6 11. d4 exd3 12. Nxd3 0-0 13. 0-0 Nd5 14. b3 Qh4 15. g3 Qh3 16. Bf3 Re8 17. Bb2 h5 18. Qd2 Qf5 19. Bg2 Nb7 20. c4 Nf6 21. Nc3 Bd7 22. Rfe1 h4 23. Rad1 hxg3 24. fxg3 Nc5 25. Nf2 Be5 26. Ba3 Ne6 27. Nce4 Bd4 28. Bb2 Nxe4 29. Bxe4 Bxf2+ 30. Qxf2 Qa5 31. Rxd7 Ng5 32. h4 Nh3+ 33. Kg2 Nxf2 34. Kxf2 Rxe4 35. Rxe4 Qf5+ 36. Ke3 Qxd7 37. g4 Rd8 38. Rd4 Qe7+ 39. Re4 Qxh4 0-1

[Event "GER-ch U12"]
[Site "Willingen"]
[Date "2003.06.14"]
[Round "11"]
[White "Wortmann, Jonas"]
[Black "Bigalke, Tobias"]
[Result "0-1"]
[WhiteElo "1608"]
[BlackElo "1767"]
[PlyCount "72"]
[EventDate "2003.06.08"]
[EventType "swiss"]
[EventRounds "11"]
[EventCountry "GER"]
[SourceTitle "CBM 094 Extra"]
[Source "ChessBase"]
[SourceDate "2003.07.09"]
[SourceVersion "2"]
[SourceVersionDate "2003.07.09"]
[SourceQuality "1"]

1. e4 e6 2. d4 d5 3. e5 c5 4. c3 Nc6 5. Nf3 Qb6 6. a3 Bd7 7. b4 cxb4 8. cxb4 Rc8 9. Bb2 f6 10. exf6 Nxf6 11. Nc3 Bd6 12. Rc1 Bf4 13. Rc2 0-0 14. Na4 Qd8 15. Nc5 b6 16. Ba6 bxc5 17. Bxc8 Qxc8 18. Rxc5 Ne4 19. Rc2 Qa6 20. Qe2 Qxe2+ 21. Rxe2 Ne7 22. 0-0 Bb5 23. Rc2 Bxf1 24. Kxf1 Rc8 25. Rxc8+ Nxc8 26. Ke2 Nb6 27. Ne5 Bxe5 28. dxe5 Nc4 29. Bd4 Nxa3 30. Bxa7 Nb5 31. Bb6 Kf7 32. f3 Nec3+ 33. Kd3 Kg6 34. Be3 Kf5 35. f4 Ne4 36. h3 h5 0-1

[Event "GER-ch U12"]
[Site "Willingen"]
[Date "2003.06.11"]
[Round "7"]
[White "Wortmann, Jonas"]
[Black "Hannes, Diana"]
[Result "1/2-1/2"]
[WhiteElo "1608"]
[BlackElo "1145"]
[PlyCount "119"]
[EventDate "2003.06.08"]
[EventType "swiss"]
[EventRounds "11"]
[EventCountry "GER"]
[SourceTitle "CBM 094 Extra"]
[Source "ChessBase"]
[SourceDate "2003.07.09"]
[SourceVersion "2"]
[SourceVersionDate "2003.07.09"]
[SourceQuality "1"]

1. e4 c5 2. Nf3 Nc6 3. d4 cxd4 4. Nxd4 g6 5. Nc3 Bg7 6. Be3 Nf6 7. f3 0-0 8. Qd2 d5 9. Nxc6 bxc6 10. 0-0-0 Be6 11. Qe1 Qc7 12. h4 Rfb8 13. exd5 Nxd5 14. Bd4 Qf4+ 15. Qd2 Qxd4 16. Qxd4 Bxd4 17. Rxd4 Nxc3 18. bxc3 Bxa2 19. Kd2 Rd8 20. Bd3 c5 21. Rxd8+ Rxd8 22. Ke2 Rb8 23. Ra1 Rb2 24. c4 Bxc4 25. Bxc4 Rxc2+ 26. Kd3 Rxg2 27. Rxa7 Rg3 28. Ke3 Kf8 29. Ra8+ Kg7 30. Re8 Kf6 31. Rf8 e6 32. Kf4 Rh3 33. Kg4 Rh1 34. Rc8 h5+ 35. Kg3 Rg1+ 36. Kh2 Rc1 37. Rxc5 Rc3 38. Kg3 Ke7 39. Rc8 Ra3 40. Rc7+ Kf6 41. Bb5 Ra8 42. Bc6 Rd8 43. Be4 Rb8 44. Ra7 Rc8 45. Ra8 Rc7 46. Kf4 Rc3 47. Bb7 Rd3 48. Bc6 Rd4+ 49. Kg3 Kg7 50. Ra7 Kf8 51. Rd7 Rc4 52. Bb5 Rb4 53. Ba6 Rb6 54. Bd3 Rb4 55. Rc7 Rd4 56. Be4 Rb4 57. Rc5 Ra4 58. Rc8+ Kg7 59. Rc7 Rb4 60. Bc6 1/2-1/2

[Event "GER-ch U12"]
[Site "Winterberg"]
[Date "2002.05.23"]
[Round "8"]
[White "Savchenko, Oleksey"]
[Black "Wortmann, Jonas"]
[Result "0-1"]
[WhiteElo "1755"]
[BlackElo "1518"]
[PlyCount "120"]
[EventDate "2002.05.19"]
[EventType "swiss"]
[EventRounds "11"]
[EventCountry "GER"]
[SourceTitle "CBM 088 Extra"]
[Source "ChessBase"]
[SourceDate "2002.07.01"]
[SourceVersion "2"]
[SourceVersionDate "2002.07.01"]
[SourceQuality "1"]

1. d4 Nf6 2. c4 e6 3. Nc3 Bb4 4. Qc2 0-0 5. Nf3 c5 6. dxc5 Na6 7. a3 Bxc3+ 8. Qxc3 Nxc5 9. Be3 Nce4 10. Qc2 b6 11. 0-0-0 Bb7 12. Ng5 h6 13. Nxe4 Bxe4 14. Qc3 Rc8 15. Bd4 Ne8 16. f3 Bb7 17. e4 Qe7 18. Kb1 d5 19. exd5 exd5 20. Qb3 dxc4 21. Bxc4 Nd6 22. Rhe1 Qc7 23. Bf1 Ne8 24. Be5 Qc5 25. Bg3 Nf6 26. Bd6 Bd5 27. Bxc5 Bxb3 28. Bxf8 Bxd1 29. Rxd1 Kxf8 30. Ba6 Re8 31. Kc2 Ke7 32. Re1+ Kd6 33. Rxe8 Nxe8 34. Kd3 f5 35. f4 Nc7 36. Bc8 Nd5 37. g3 Ne7 38. Bb7 Nc6 39. Ba6 Nb8 40. Bc4 Nd7 41. Kd4 Nf6 42. Bd3 Ke6 43. Kc4 Nd7 44. b4 g5 45. g4 fxg4 46. f5+ Kf6 47. Kd5 Ne5 48. Be4 Nf3 49. Kd6 Nxh2 50. Kc7 g3 51. Kb7 h5 52. Kxa7 h4 53. Kxb6 h3 54. a4 g2 55. Bxg2 hxg2 56. a5 g1Q+ 57. Ka6 Qg2 58. Kb6 Qa8 59. a6 Nf3 60. a7 Ne5 0-1

[Event "GER-ch U12"]
[Site "Winterberg"]
[Date "2002.05.23"]
[Round "9"]
[White "Wortmann, Jonas"]
[Black "Fischer, Sven"]
[Result "1-0"]
[WhiteElo "1518"]
[BlackElo "1650"]
[PlyCount "51"]
[EventDate "2002.05.19"]
[EventType "swiss"]
[EventRounds "11"]
[EventCountry "GER"]
[SourceTitle "CBM 088 Extra"]
[Source "ChessBase"]
[SourceDate "2002.07.01"]
[SourceVersion "2"]
[SourceVersionDate "2002.07.01"]
[SourceQuality "1"]

1. d4 d5 2. c4 e6 3. Nc3 Nf6 4. cxd5 exd5 5. Bg5 c6 6. e3 Be7 7. Bd3 h6 8. Bh4 Nbd7 9. Qc2 0-0 10. Nf3 Ne8 11. Bxe7 Qxe7 12. 0-0 Nd6 13. a3 g5 14. Rfe1 f5 15. Nd2 Qf6 16. f3 Re8 17. Nb3 a5 18. a4 Nb6 19. Re2 Be6 20. Rae1 Kh8 21. Kh1 Bf7 22. Qc1 Re7 23. Qa1 Ndc4 24. Bxc4 Nxc4 25. Nd1 Ree8 26. Qc1 1-0

[Event "GER-ch U12"]
[Site "Winterberg"]
[Date "2002.05.22"]
[Round "7"]
[White "Kim, Oi Sin"]
[Black "Wortmann, Jonas"]
[Result "0-1"]
[WhiteElo "1309"]
[BlackElo "1518"]
[PlyCount "34"]
[EventDate "2002.05.19"]
[EventType "swiss"]
[EventRounds "11"]
[EventCountry "GER"]
[SourceTitle "CBM 088 Extra"]
[Source "ChessBase"]
[SourceDate "2002.07.01"]
[SourceVersion "2"]
[SourceVersionDate "2002.07.01"]
[SourceQuality "1"]

1. e4 c5 2. Nf3 e6 3. d4 cxd4 4. Nxd4 a6 5. Nc3 Qc7 6. Be2 Bc5 7. 0-0 Nf6 8. Bg5 Be7 9. f4 h6 10. Bh4 Nxe4 11. Bxe7 Nxc3 12. bxc3 Kxe7 13. f5 Qxc3 14. Bh5 Rf8 15. fxe6 dxe6 16. Re1 g6 17. Nf5+ gxf5 0-1

[Event "SJRP-ch U14"]
[Site "Germany"]
[Date "2002.04.06"]
[Round "7"]
[White "Wortmann, Jonas"]
[Black "Fragin, Ilja"]
[Result "0-1"]
[WhiteElo "1560"]
[BlackElo "1483"]
[PlyCount "36"]
[EventDate "2002.04.02"]
[EventType "swiss"]
[EventRounds "7"]
[EventCountry "GER"]
[SourceTitle "EXT 2003"]
[Source "ChessBase"]
[SourceDate "2002.11.25"]
[SourceVersion "1"]
[SourceVersionDate "2002.11.25"]
[SourceQuality "1"]

1. d4 Nf6 2. c4 g6 3. Nc3 Bg7 4. e4 d6 5. Nf3 0-0 6. Be2 Nbd7 7. 0-0 e5 8. Qc2 Re8 9. Rd1 Qe7 10. dxe5 Nxe5 11. Nxe5 Qxe5 12. f3 Be6 13. Be3 Nh5 14. Rab1 Nf4 15. Rdc1 Bh6 16. Bxf4 Bxf4 17. Rd1 Bxh2+ 18. Kf1 Qc5 0-1

[Event "GER-ch U10"]
[Site "Willingen"]
[Date "2001.06.05"]
[Round "5"]
[White "Wortmann, Jonas"]
[Black "Wassilian, Diana"]
[Result "1-0"]
[WhiteElo "1326"]
[BlackElo "1109"]
[PlyCount "63"]
[EventDate "2001.06.03"]
[EventType "swiss"]
[EventRounds "11"]
[EventCountry "GER"]
[SourceTitle "EXT 2003"]
[Source "ChessBase"]
[SourceDate "2002.11.25"]
[SourceVersion "1"]
[SourceVersionDate "2002.11.25"]
[SourceQuality "1"]

1. d4 Nf6 2. c4 g6 3. Nc3 Bg7 4. e4 d6 5. Nf3 e5 6. Be2 Nc6 7. 0-0 0-0 8. d5 Ne7 9. b4 a6 10. c5 Nd7 11. Ba3 f5 12. Nd2 f4 13. f3 g5 14. cxd6 cxd6 15. b5 Rf6 16. bxa6 bxa6 17. Nc4 Nc5 18. Bxc5 dxc5 19. Rc1 Rh6 20. d6 Nc6 21. Qd5+ Be6 22. Qxc6 Qc8 23. Qxc8+ Rxc8 24. Rfd1 Rd8 25. Rd2 Kf8 26. Rcd1 Ke8 27. Na4 Bxc4 28. Bxc4 Bf8 29. d7+ Ke7 30. Nxc5 Rc6 31. Rd5 Bg7 32. Bb3 1-0

[Event "GER-ch U10"]
[Site "Willingen"]
[Date "2001.06.04"]
[Round "3"]
[White "Wortmann, Jonas"]
[Black "Wolff, Fabian"]
[Result "1-0"]
[WhiteElo "1326"]
[BlackElo "1125"]
[PlyCount "103"]
[EventDate "2001.06.03"]
[EventType "swiss"]
[EventRounds "11"]
[EventCountry "GER"]
[SourceTitle "EXT 2003"]
[Source "ChessBase"]
[SourceDate "2002.11.25"]
[SourceVersion "1"]
[SourceVersionDate "2002.11.25"]
[SourceQuality "1"]

1. d4 d5 2. c4 e6 3. Nc3 Nf6 4. Bg5 Bb4 5. e3 h6 6. Bh4 0-0 7. Bd3 Nc6 8. Nf3 b6 9. 0-0 Bxc3 10. bxc3 Ba6 11. cxd5 Bxd3 12. Qxd3 exd5 13. Ne5 Qd6 14. Bxf6 gxf6 15. Ng4 f5 16. Qxf5 Qg6 17. Qxg6+ fxg6 18. Nxh6+ Kg7 19. Ng4 Rae8 20. Rac1 Na5 21. Ne5 Re7 22. f3 c5 23. Rc2 Rfe8 24. f4 a6 25. Rf3 Kf6 26. g4 g5 27. f5 Nc4 28. Nxc4 dxc4 29. Kf2 Re4 30. h3 cxd4 31. exd4 Rh8 32. Re2 Rf4 33. Ree3 Rxf3+ 34. Rxf3 Rd8 35. Re3 Rd6 36. Kg3 Rd7 37. Re6+ Kf7 38. h4 gxh4+ 39. Kxh4 Rd8 40. g5 Rd5 41. Rf6+ Kg7 42. Kg4 Rb5 43. Rc6 Rb2 44. Rc7+ Kf8 45. f6 Rxa2 46. g6 Rg2+ 47. Kf5 Rf2+ 48. Ke5 Re2+ 49. Kd5 Re8 50. g7+ Kg8 51. f7+ Kh7 52. fxe8Q 1-0

[Event "GER-ch U10"]
[Site "Willingen"]
[Date "2001.06.03"]
[Round "1"]
[White "Wortmann, Jonas"]
[Black "Braun, Julian"]
[Result "1-0"]
[WhiteElo "1326"]
[BlackElo "1056"]
[PlyCount "39"]
[EventDate "2001.06.03"]
[EventType "swiss"]
[EventRounds "11"]
[EventCountry "GER"]
[SourceTitle "EXT 2003"]
[Source "ChessBase"]
[SourceDate "2002.11.25"]
[SourceVersion "1"]
[SourceVersionDate "2002.11.25"]
[SourceQuality "1"]

1. d4 Nf6 2. c4 g6 3. Nc3 d5 4. e3 Bg7 5. Nf3 Bf5 6. Qb3 b6 7. cxd5 0-0 8. Bc4 Ne4 9. 0-0 Nxc3 10. bxc3 Be4 11. Ng5 Bf5 12. e4 Bg4 13. h3 Bc8 14. Bf4 h6 15. Nf3 Bb7 16. Rfe1 Nd7 17. Rad1 c5 18. d6 cxd4 19. cxd4 exd6 20. Bxd6 1-0

[Event "GER-chT U12"]
[Site "Verden"]
[Date "2000.12.30"]
[Round "3.1"]
[White "Lichey, Dustin"]
[Black "Wortmann, Jonas"]
[Result "0-1"]
[WhiteElo "944"]
[BlackElo "1081"]
[PlyCount "80"]
[EventDate "2000.12.26"]
[EventType "team"]
[EventRounds "7"]
[EventCountry "GER"]
[SourceTitle "EXT 2008"]
[Source "ChessBase"]
[SourceDate "2007.11.25"]
[SourceVersion "1"]
[SourceVersionDate "2007.11.25"]
[SourceQuality "1"]
[WhiteTeam "Sachsen Anhalt U12"]
[BlackTeam "Limburgerhof U12"]
[WhiteTeamCountry "GER"]
[BlackTeamCountry "GER"]

1. e4 c5 2. Nf3 e6 3. d4 cxd4 4. Nxd4 a6 5. Nc3 Qc7 6. Be3 Bb4 7. Qd2 Nf6 8. Bd3 d5 9. exd5 Nxd5 10. Nde2 Nc6 11. 0-0 0-0 12. Nxd5 exd5 13. c3 Bd6 14. Ng3 Ne5 15. Bc2 Be6 16. Bd4 Nc6 17. Be3 Ne5 18. Bd4 Nc6 19. Be3 f5 20. Nxf5 Bxf5 21. Qxd5+ Kh8 22. Bxf5 Ne7 23. Qd3 Nxf5 24. h3 Rad8 25. Qe2 Nxe3 26. Qxe3 Bc5 27. Qe2 Rfe8 28. Qc2 Re7 29. Rae1 Rde8 30. Rxe7 Qxe7 31. Rd1 Bd6 32. g3 Bc5 33. b4 Bb6 34. Kf1 Rf8 35. Re1 Qf7 36. Re2 Qc4 37. Ke1 Qd5 38. Re3 Bxe3 39. fxe3 Qh1+ 40. Ke2 Qf1+ 0-1

[Event "GER-chT U12"]
[Site "Verden"]
[Date "2000.12.30"]
[Round "6.1"]
[White "Wortmann, Jonas"]
[Black "Sohrabi, Daria"]
[Result "1/2-1/2"]
[WhiteElo "1081"]
[BlackElo "934"]
[PlyCount "56"]
[EventDate "2000.12.26"]
[EventType "team"]
[EventRounds "7"]
[EventCountry "GER"]
[SourceTitle "EXT 2008"]
[Source "ChessBase"]
[SourceDate "2007.11.25"]
[SourceVersion "1"]
[SourceVersionDate "2007.11.25"]
[SourceQuality "1"]
[WhiteTeam "Limburgerhof U12"]
[BlackTeam "Brackel U12"]
[WhiteTeamCountry "GER"]
[BlackTeamCountry "GER"]

1. d4 d5 2. c4 c6 3. Nc3 Nf6 4. cxd5 Nxd5 5. e4 Nxc3 6. bxc3 g6 7. Nf3 Bg4 8. Bd3 Bg7 9. Be3 0-0 10. 0-0 c5 11. Be2 cxd4 12. cxd4 Bxf3 13. Bxf3 Nc6 14. e5 f6 15. Bxc6 bxc6 16. f4 fxe5 17. dxe5 Qxd1 18. Rfxd1 Rad8 19. Rdc1 Rd3 20. Re1 Ra8 21. Kh1 a6 22. Bc5 e6 23. Rac1 Rd2 24. a3 Rb8 25. Bb4 Ra2 26. Rxc6 a5 27. Bd6 Rbb2 28. Rc8+ Kf7 1/2-1/2